• 首页
  • 本馆介绍
  • 公告通知
  • 最新文献
  • 馆藏检索
  • 电子资源
  • 读者导购
  • 参考咨询
  • 我的图书馆
  • 登录
  • 详细信息显示
  • 放入我的书架
  • 预约/预借图书
  • 作者相关作品
  • 分类相关作品
  • 丛书相关作品
  • 出版社相关作品

书目信息

  • 表格格式
  • 工作单格式
  • 卡片格式
题名:
应用物理基础(2)
    
 
作者: 胡五生
分册:  
出版信息: 开封   河南大学出版社  2015.08
页数: 126页
开本: 20cm
丛书名:
单 册:
中图分类: O59
科图分类:
主题词: 应用物理学 , 物理学--应用
电子资源:
ISBN: 7-5649-1558-7
000 00619nam0 2200217 450
001 1725
005 20161130163418.81
010    @a7-5649-1558-7@dCNY21.00
100    @a20150807d2015 km y0chiy0120 ea
101 0  @achi
102    @aCN@b410000
200 1  @a应用物理基础(2)@Aying yong wu li ji chu(2)@f胡五生@Fhu wu sheng
210    @a开封@c河南大学出版社@d2015.08
215    @a126页@d20cm
330    @a应用物理学·高等职业教育·教材
606 0  @a应用物理学
606 0  @a物理学@x应用
690    @aO59@v4
701  0 @a胡五生@Ahu wu sheng
801  0 @aCN@b大连网信软件有限公司图书馆·11@c20161130
905    @aZUCC@dO59@e4
    
    应用物理基础(2)/胡五生.-开封:河南大学出版社,2015.08
    126页;20cm
    
    
    ISBN 7-5649-1558-7:CNY21.00
    应用物理学·高等职业教育·教材
●
相关链接 在E读中查询图书 在五车中查询图书 在当当中查询图书 在豆瓣中查询图书


正题名:应用物理基础(2)     索取号:O59/4         预约/预借

序号 登录号 条形码 馆藏地/架位号 状态 备注
1 908632   209086326   第二样本阅览室/ [索取号:O59/4] 在馆    
2 908633   209086335   第三借阅区/ [索取号:O59/4] 在馆    
3 908634   209086344   第三借阅区/ [索取号:O59/4] 在馆    
4 908635   209086353   第三借阅区/ [索取号:O59/4] 在馆    
5 908636   209086362   密集书库-物理学院/ [索取号:O59/4] 在馆    
唐山师范学院图书馆 欢迎您!
大连网信软件有限公司© 版权所有